Braj bhasha shabdawali. Vol 1 (Record no. 1337928)

MARC details
000 -LEADER
fixed length control field 00545nam a2200193Ia 4500
005 - DATE AND TIME OF LATEST TRANSACTION
control field 20250508152652.0
008 - FIXED-LENGTH DATA ELEMENTS--GENERAL INFORMATION
fixed length control field 008 250505s9999 xx 000 0 hin d
037 ## - SOURCE OF ACQUISITION
Stock number Textual
040 ## - CATALOGING SOURCE
Original cataloging agency FEDL
Language of cataloging eng
Transcribing agency FEDL
041 ## - LANGUAGE CODE
Language code of text/sound track or separate title hin
Source of code eng
084 ## - COLON CLASSIFICATION NUMBER
Classification number 630.3, PRA
Assigning agency FEDL
100 ## - MAIN ENTRY--PERSONAL NAME
Personal name Prashad Amba
9 (RLIN) 762104
245 #0 - TITLE STATEMENT
Title Braj bhasha shabdawali. Vol 1
260 ## - PUBLICATION, DISTRIBUTION, ETC.
Place of publication, distribution, etc. Uttar Pradesh, India
Name of publisher, distributor, etc. Hindustani Akademi
Date of publication, distribution, etc. 1960
300 ## - PHYSICAL DESCRIPTION
Extent 345p.
490 ## - SERIES STATEMENT
Series statement Krishak jeevan sambandhi
942 ## - ADDED ENTRY ELEMENTS (KOHA)
Koha item type Textual
Classification part 630.3, PRA
Holdings
Withdrawn status Lost status Damaged status Not for loan Home library Current library Date acquired Total Checkouts Full call number Barcode Date last seen Price effective from Koha item type
        Department of Education Library Department of Education Library 2025-05-08   630.3, PRA EL0020102 2025-05-08 2025-05-08 Textual
Copyright @ Delhi University Library System